|
|
|
|
| LEADER |
00000nam a2200000 a 4500 |
| 001 |
vtls001335651 |
| 003 |
SK-MaSNL |
| 005 |
20260301070010.0 |
| 008 |
251124s1932 xr 0 lat |
| 020 |
|
|
|c [150,00]
|
| 035 |
|
|
|a SNK000288624
|
| 040 |
|
|
|a SNK
|b slo
|c SNK
|e AACR2
|
| 044 |
|
|
|a xr
|c CZ
|
| 080 |
|
|
|a 430.15
|2 1981
|
| 245 |
1 |
|
|a Texty ke studiu soukromého práva římského
|c uspořádal Otakar Sommer
|
| 260 |
|
|
|a Praha
|b Otakar Sommer
|c 1932
|
| 300 |
|
|
|a xlviii, 262 s.
|c 20 cm
|
| 500 |
|
|
|a Text dokumentu lat.
|
| 650 |
0 |
7 |
|a právo súkromné rímske
|x príručky
|2 SNK
|9 385567
|
| 700 |
1 |
|
|a Sommer, Otakar,
|d 1885-1940
|4 zos
|9 139744
|
| 999 |
|
|
|c 632749
|d 634679
|
| 952 |
|
|
|t P60, <04>, [BOOK], {604}
|a SNK
|b SNK
|y VYP
|7 0
|p 17A0141219
|o snkIC 127350
|i snkV 842/98
|0 0
|1 0
|4 0
|d 1998-06-29
|l 0
|r 2005-01-02 00:00:00
|w 2026-02-23
|